Public opinion, party competition, and the European Union in Post-Communist Europe

Bibliographic Details
Other Authors: Rohrschneider, Robert (Editor), Whitefield, Stephen (Editor)
Format: Book
Language:English
PhysicalDescription:vii, 280 strán 22 cm
Published: New York Palgrave MacMillan 2006
ISBN:9781403975263
Subjects:

MARC

LEADER 00000nam a2200000 4500
001 vtls011745476
003 SK-MaSNL
005 20260331211651.0
008 200402s2006 xxuda 011 0 eng
015 |a SNBZSA2018/04 
020 |a 9781403975263  |q (viazané) 
035 |a urn:nbn:sk:snk-am00dk1i 
035 |a urn:nbn:sk:snk-am3i4ra 
035 |a EA74DF7F-9DC0-4AB3-AC7A-E752D58F51B4 
040 |a SNK  |b slo  |c SNK  |e rda 
041 0 |a eng 
043 |a e------ 
044 |a xxu  |c US 
072 7 |a 321  |x Politológia  |2 konspekt 
080 |a 659.4  |2 2011 
080 |a 328/329  |2 2011 
080 |a 339.92  |2 2011 
080 |a [339.923+327](4)  |2 2011 
080 |a 329.1/.6  |2 2011 
080 |a 321.8-021.475.4  |2 2011 
080 |a (4)  |2 2011 
080 |a (048.8:082)  |2 2011 
100 1 |a Rohrschneider, Robert  |4 edt  |9 557390 
245 0 0 |a Public opinion, party competition, and the European Union in Post-Communist Europe  |c edited by Robert Rohrschneider and Stephen Whitefield 
264 1 |a New York  |b Palgrave MacMillan  |c 2006 
300 |a vii, 280 strán  |c 22 cm 
336 |a text  |b txt  |2 rdacontent 
337 |a bez média  |b n  |2 rdamedia 
338 |a zväzok  |b nc  |2 rdacarrier 
504 |a Bibliografie ; bibliografické odkazy ; register 
610 2 7 |a Európska únia  |2 SNKKA  |9 29861 
650 0 7 |a verejná mienka  |2 SNKPH  |9 13297 
650 0 7 |a Public opinion  |2 SNKPHeng  |9 287886 
650 0 7 |a politika a vláda  |2 SNKPH  |9 3868 
650 0 7 |a Politics and government  |2 SNKPHeng  |9 280895 
650 0 7 |a ekonomická integrácia  |2 SNKPH  |9 2139 
650 0 7 |a Economic integration  |2 SNKPHeng  |9 295311 
650 0 7 |a európska integrácia  |2 SNKPH  |9 2140 
650 0 7 |a European integration  |2 SNKPHeng  |9 270357 
650 0 7 |a politické strany  |2 SNKPH  |9 3589 
650 0 7 |a Political parties  |2 SNKPHeng  |9 275558 
650 0 7 |a euroskepticizmus  |2 SNKPH  |9 78326 
650 0 7 |a Euroskepticism  |2 SNKPHeng  |9 405742 
651 7 |a Európa  |2 SNKPH  |9 167569 
651 7 |a Europe  |2 SNKPHeng  |9 56249 
655 7 |a kolektívne monografie  |2 SNKPH  |9 249850 
655 7 |a Collective monographs  |2 SNKPHeng  |9 125747 
700 1 |a Whitefield, Stephen  |4 edt  |9 557391 
919 |a 978-1-4039-7526-3 
958 |a ZS 
958 |a NB 
999 |c 855174  |d 857104 
952 |a SNK  |b SNK  |y PREZ  |7 0  |p 17A1321539  |o snkSC 178579  |i snk2018/5962  |8 3  |g 100.50  |0 0  |1 0  |4 0  |d 2018-03-09  |f 1  |l 0  |r 2025-09-19 00:00:00  |w 2026-02-24